[Event "Paris-ch op-B 87th"]
[Site "Paris"]
[Date "2012.07.13"]
[Round "7"]
[White "Vallepin, Cedric"]
[Black "Mezioud, Rimel"]
[Result "0-1"]
[WhiteElo "2125"]
[BlackElo "2034"]
[PlyCount "73"]
[EventDate "2012.07.07"]
[EventType "swiss"]
[EventRounds "9"]
[EventCountry "FRA"]
[SourceTitle "EXT 2013"]
[Source "ChessBase"]
[SourceDate "2012.11.22"]
[SourceVersion "1"]
[SourceVersionDate "2012.11.22"]
[SourceQuality "1"]

1. d4 d5 2. c4 e6 3. Nc3 Nf6 4. Bg5 Be7 5. cxd5 exd5 6. e3 h6 7. Bh4 0-0 8. Bd3 b6 9. Qc2 Bb7 10. Nge2 Nbd7 11. 0-0-0 c5 12. f3 a6 13. Bxf6 Bxf6 14. dxc5 Nxc5 15. Bf5 Re8 16. Nxd5 Bxd5 17. e4 Re5 18. exd5 Rxd5 19. Kb1 Qd6 20. Rxd5 Qxd5 21. Be4 Nxe4 22. Qxe4 Qxe4+ 23. fxe4 Re8 24. Ng3 Bh4 25. Nf5 Rxe4 26. Rf1 Bg5 27. Nd6 Re7 28. Rf2 g6 29. Kc2 f5 30. Kc3 b5 31. Kb3 Rd7 32. Nc8 a5 33. a4 Rd3+ 34. Kc2 Rd4 35. Nb6 bxa4 36. Re2 Kf7 37. Kb1 0-1

[Event "Elancourt op"]
[Site "Elancourt"]
[Date "2010.04.27"]
[Round "4"]
[White "Vallepin, Cedric"]
[Black "Marquet, Didier"]
[Result "1-0"]
[WhiteElo "2135"]
[BlackElo "1481"]
[PlyCount "69"]
[EventDate "2010.04.25"]
[EventType "swiss"]
[EventRounds "9"]
[EventCountry "FRA"]
[SourceTitle "CBM 136 Extra"]
[Source "ChessBase"]
[SourceDate "2010.07.02"]
[SourceVersion "2"]
[SourceVersionDate "2010.07.15"]
[SourceQuality "1"]

1. d4 d5 2. c4 c6 3. cxd5 cxd5 4. Nf3 Nc6 5. Nc3 Nf6 6. Bf4 a6 7. h3 e6 8. Rc1 Bd7 9. Ne5 Be7 10. e3 Nxe5 11. Bxe5 Rc8 12. Bd3 Bb5 13. Nxb5 axb5 14. Bxb5+ Kf8 15. 0-0 Rxc1 16. Qxc1 Nd7 17. Bc7 Qc8 18. Ba5 Qxc1 19. Rxc1 g6 20. Rc8+ Kg7 21. Rxh8 b6 22. Re8 Kf6 23. Rxe7 Kxe7 24. Bxd7 bxa5 25. Ba4 f6 26. a3 Kd6 27. b4 axb4 28. axb4 g5 29. b5 e5 30. b6 h5 31. b7 Kc7 32. Bc6 exd4 33. exd4 h4 34. Bxd5 f5 35. Bc6 1-0

[Event "Elancourt op"]
[Site "Elancourt"]
[Date "2010.04.25"]
[Round "1"]
[White "Plantet, Marc"]
[Black "Vallepin, Cedric"]
[Result "1-0"]
[WhiteElo "1919"]
[BlackElo "2135"]
[PlyCount "63"]
[EventDate "2010.04.25"]
[EventType "swiss"]
[EventRounds "9"]
[EventCountry "FRA"]
[SourceTitle "CBM 136 Extra"]
[Source "ChessBase"]
[SourceDate "2010.07.02"]
[SourceVersion "2"]
[SourceVersionDate "2010.07.15"]
[SourceQuality "1"]

1. e4 Nf6 2. Nc3 d5 3. e5 Nfd7 4. d4 e6 5. f4 c5 6. Nf3 Nc6 7. Ne2 b5 8. c3 Qb6 9. f5 exf5 10. Nf4 a6 11. Bd3 cxd4 12. Nxd5 Qb7 13. Bxf5 dxc3 14. e6 fxe6 15. Bxe6 Nde5 16. Ng5 Be7 17. 0-0 cxb2 18. Bxb2 Bxg5 19. Bxc8 Be3+ 20. Nxe3 Rxc8 21. Qd5 Rd8 22. Qe4 Qe7 23. Rac1 Rd2 24. Bxe5 Nxe5 25. Rc8+ Rd8 26. Rxd8+ Kxd8 27. Qa8+ Kd7 28. Qxh8 Nd3 29. Rf3 Qe5 30. Rf7+ Kc6 31. Qc8+ Kb6 32. Qd8+ 1-0

[Event "Montigny le Bretonneux Noel op 10th"]
[Site "Montigny le Bretonneux"]
[Date "2007.12.30"]
[Round "6"]
[White "Vallepin, Cedric"]
[Black "Dicko, Henri"]
[Result "0-1"]
[WhiteElo "2135"]
[BlackElo "2191"]
[PlyCount "98"]
[EventDate "2007.12.26"]
[EventType "swiss"]
[EventRounds "7"]
[EventCountry "FRA"]
[SourceTitle "CBM 122 Extra"]
[Source "ChessBase"]
[SourceDate "2008.03.04"]
[SourceVersion "1"]
[SourceVersionDate "2008.03.04"]
[SourceQuality "1"]

1. d4 Nf6 2. c4 g6 3. Nc3 Bg7 4. e4 d6 5. f4 c5 6. d5 e6 7. Nf3 exd5 8. cxd5 0-0 9. Be2 Re8 10. e5 dxe5 11. fxe5 Ng4 12. Bg5 Qb6 13. 0-0 c4+ 14. Kh1 Nd7 15. e6 fxe6 16. dxe6 Ndf6 17. Qd4 Bxe6 18. Qxb6 axb6 19. Nd4 Bf7 20. Ncb5 Rxe2 21. Nxe2 Ne4 22. Bc1 Ngf2+ 23. Kg1 Nd3 24. Nec3 Nxc3 25. Nxc3 Bd4+ 26. Kh1 Nf2+ 27. Kg1 Nd1+ 28. Kh1 Nxc3 29. bxc3 Bxc3 30. Rb1 Rxa2 31. Bh6 Bg7 32. Bxg7 Kxg7 33. Rbd1 Be8 34. Ra1 Rxa1 35. Rxa1 b5 36. Rb1 Kf6 37. Kg1 Bc6 38. Kf2 Ke5 39. Ke3 Kd5 40. Kd2 Kc5 41. Kc3 Bxg2 42. Rg1 b4+ 43. Kb2 c3+ 44. Kc2 Be4+ 45. Kb3 Bd5+ 46. Kc2 h5 47. Kd3 Bc4+ 48. Kc2 Be6 49. h4 Kd4 0-1

[Event "Paris-ch"]
[Site "Paris"]
[Date "2006.07.12"]
[Round "1"]
[White "Draoui, Najib"]
[Black "Vallepin, Cedric"]
[Result "1-0"]
[WhiteElo "2379"]
[BlackElo "2150"]
[PlyCount "35"]
[EventDate "2006.07.08"]
[EventType "swiss"]
[EventRounds "9"]
[EventCountry "FRA"]
[SourceTitle "EXT 2007"]
[Source "ChessBase"]
[SourceDate "2006.11.23"]
[SourceVersion "1"]
[SourceVersionDate "2006.11.23"]
[SourceQuality "1"]

1. e4 Nf6 2. e5 Nd5 3. d4 d6 4. Nf3 Bg4 5. h3 Bh5 6. c4 Nb6 7. e6 fxe6 8. Bd3 Bxf3 9. Qxf3 g6 10. Qxb7 Bg7 11. Nc3 0-0 12. Qe4 e5 13. c5 exd4 14. cxb6 dxc3 15. b7 Nd7 16. bxa8Q Qxa8 17. Qxa8 Rxa8 18. Rb1 1-0

[Event "Paris-ch"]
[Site "Paris"]
[Date "2006.07.12"]
[Round "5"]
[White "Vallepin, Cedric"]
[Black "Colson, Arnaud"]
[Result "1/2-1/2"]
[WhiteElo "2150"]
[BlackElo "2211"]
[PlyCount "71"]
[EventDate "2006.07.08"]
[EventType "swiss"]
[EventRounds "9"]
[EventCountry "FRA"]
[SourceTitle "EXT 2007"]
[Source "ChessBase"]
[SourceDate "2006.11.23"]
[SourceVersion "1"]
[SourceVersionDate "2006.11.23"]
[SourceQuality "1"]

1. e4 c5 2. Nf3 e6 3. d4 cxd4 4. Nxd4 a6 5. Bd3 Nf6 6. c4 Qc7 7. 0-0 Nc6 8. Nxc6 bxc6 9. Nc3 e5 10. Na4 d6 11. c5 d5 12. exd5 Nxd5 13. Re1 Be7 14. Qh5 Qa5 15. Qxe5 Qxa4 16. Qxg7 Rf8 17. Bh6 Be6 18. Re4 Qa5 19. Rae1 0-0-0 20. b4 Nxb4 21. Rxe6 fxe6 22. Qxe7 Nxd3 23. Qxe6+ Kc7 24. Rb1 Qxc5 25. Be3 Rfe8 26. Qh3 Rxe3 27. fxe3 Rd7 28. Rb7+ Kxb7 29. Qxd7+ Kb6 30. Qxd3 Qc1+ 31. Kf2 Qb2+ 32. Qe2 Qf6+ 33. Ke1 Qa1+ 34. Kf2 Qf6+ 35. Ke1 Qa1+ 36. Kf2 1/2-1/2

[Event "Paris-ch"]
[Site "Paris"]
[Date "2006.07.12"]
[Round "4"]
[White "Vallepin, Cedric"]
[Black "Lamorelle, Julien"]
[Result "1/2-1/2"]
[WhiteElo "2150"]
[BlackElo "2230"]
[PlyCount "83"]
[EventDate "2006.07.08"]
[EventType "swiss"]
[EventRounds "9"]
[EventCountry "FRA"]
[SourceTitle "EXT 2007"]
[Source "ChessBase"]
[SourceDate "2006.11.23"]
[SourceVersion "1"]
[SourceVersionDate "2006.11.23"]
[SourceQuality "1"]

1. e4 c5 2. Nf3 d6 3. Bb5+ Bd7 4. Bxd7+ Qxd7 5. c4 Nc6 6. Nc3 g6 7. d4 cxd4 8. Nxd4 Bg7 9. Nde2 Nf6 10. f3 0-0 11. Be3 a6 12. a4 Nb4 13. 0-0 Rac8 14. b3 e6 15. Qd2 Qe7 16. Rad1 Rfd8 17. Bb6 Rd7 18. Nb5 d5 19. Na7 Ra8 20. e5 Ne8 21. c5 a5 22. f4 f6 23. Qe3 fxe5 24. fxe5 Rxa7 25. Bxa7 Nc6 26. Bb6 Bxe5 27. Nf4 Ng7 28. Kh1 Nf5 29. Qe1 d4 30. Rd3 Bxf4 31. Rxf4 e5 32. Re4 Qe6 33. Bxa5 Qd5 34. b4 Rf7 35. Rd1 Qb3 36. Rb1 Qxa4 37. Ra1 Qb5 38. Rxe5 Nxe5 39. Qxe5 Ne3 40. Qd5 Qd7 41. Qxd7 Rxd7 42. b5 1/2-1/2

[Event "Elancourt op"]
[Site "Elancourt"]
[Date "2006.04.23"]
[Round "9"]
[White "Vallepin, Cedric"]
[Black "Glod, Philippe"]
[Result "1/2-1/2"]
[WhiteElo "2164"]
[BlackElo "2165"]
[PlyCount "89"]
[EventDate "2006.04.16"]
[EventType "swiss"]
[EventRounds "9"]
[EventCountry "FRA"]
[SourceTitle "CBM 111 Extra"]
[Source "ChessBase"]
[SourceDate "2006.05.09"]
[SourceVersion "1"]
[SourceVersionDate "2006.05.09"]
[SourceQuality "1"]

1. d4 Nf6 2. c4 g6 3. Nc3 d5 4. cxd5 Nxd5 5. e4 Nxc3 6. bxc3 Bg7 7. Bc4 c5 8. Ne2 Nc6 9. Be3 cxd4 10. cxd4 Qa5+ 11. Kf1 0-0 12. Rc1 Bg4 13. f3 Bd7 14. h4 Qa3 15. Kf2 Rac8 16. Rc3 Qb4 17. a3 Qa5 18. h5 b5 19. Bb3 e5 20. hxg6 hxg6 21. dxe5 Nxe5 22. Rxc8 Rxc8 23. Bd4 Rd8 24. Qa1 Qc7 25. f4 Bg4 26. fxe5 Qd7 27. Bd5 Bxe2 28. e6 fxe6 29. Bxg7 Bh5 30. Bf6 Rf8 31. g4 exd5 32. gxh5 Qg4 33. Qe5 dxe4 34. Qd5+ Rf7 35. Qd8+ Rf8 36. Qd5+ Rf7 37. hxg6 Qf3+ 38. Ke1 Qxh1+ 39. Ke2 Qg2+ 40. Ke1 Qxg6 41. Qd8+ Rf8 42. Qd5+ Qf7 43. Qg5+ Kh7 44. Qh4+ Kg6 45. Qg5+ 1/2-1/2

[Event "Elancourt op"]
[Site "Elancourt"]
[Date "2006.04.21"]
[Round "7"]
[White "Vallepin, Cedric"]
[Black "Duval, Sylvain"]
[Result "1-0"]
[WhiteElo "2164"]
[BlackElo "1987"]
[PlyCount "83"]
[EventDate "2006.04.16"]
[EventType "swiss"]
[EventRounds "9"]
[EventCountry "FRA"]
[SourceTitle "CBM 111 Extra"]
[Source "ChessBase"]
[SourceDate "2006.05.09"]
[SourceVersion "1"]
[SourceVersionDate "2006.05.09"]
[SourceQuality "1"]

1. d4 Nf6 2. c4 Nc6 3. Nc3 e5 4. d5 Ne7 5. e4 Ng6 6. Nge2 Bb4 7. Qc2 0-0 8. a3 Bxc3+ 9. Nxc3 d6 10. f3 a5 11. Be3 b6 12. 0-0-0 Nd7 13. g4 Nc5 14. h4 f6 15. Kb1 Bd7 16. b3 Qe8 17. Ka2 Qe7 18. Qd2 Nh8 19. Bh3 Nf7 20. g5 Bxh3 21. gxf6 Qxf6 22. Rxh3 h6 23. Rg1 Kh7 24. Rhg3 g6 25. Nb5 Na6 26. Rxg6 Qxg6 27. Rxg6 Kxg6 28. Qg2+ Kh7 29. Qg4 Rae8 30. Qd7 Rc8 31. Qf5+ Kg7 32. h5 Nh8 33. Qe6 Nc5 34. Qxh6+ Kf7 35. Qh7+ Ke8 36. Nxc7+ Rxc7 37. Qxc7 Rxf3 38. Qc8+ Kf7 39. Bh6 Rf2+ 40. Kb1 Rf1+ 41. Kc2 Rf2+ 42. Kd1 1-0

[Event "Elancourt op"]
[Site "Elancourt"]
[Date "2006.04.19"]
[Round "5"]
[White "Vallepin, Cedric"]
[Black "Blot, David"]
[Result "0-1"]
[WhiteElo "2164"]
[BlackElo "1982"]
[PlyCount "137"]
[EventDate "2006.04.16"]
[EventType "swiss"]
[EventRounds "9"]
[EventCountry "FRA"]
[SourceTitle "CBM 111 Extra"]
[Source "ChessBase"]
[SourceDate "2006.05.09"]
[SourceVersion "1"]
[SourceVersionDate "2006.05.09"]
[SourceQuality "1"]

1. d4 Nf6 2. c4 g6 3. Nc3 Bg7 4. e4 d6 5. f3 0-0 6. Be3 e5 7. Nge2 c6 8. Qd2 Nbd7 9. 0-0-0 Qa5 10. Kb1 a6 11. Nc1 b5 12. Nb3 Qd8 13. dxe5 Nxe5 14. Qxd6 Qxd6 15. Rxd6 Be6 16. Na5 Rfc8 17. c5 Bf8 18. Rd2 Nfd7 19. b4 Rab8 20. Bf4 f6 21. Ne2 g5 22. Nd4 Bxa2+ 23. Kxa2 gxf4 24. Be2 Nxc5 25. bxc5 Bxc5 26. Rc1 Bb4 27. Naxc6 Nxc6 28. Nxc6 Rxc6 29. Rxc6 Bxd2 30. Rxa6 Kg7 31. Ra7+ Kg6 32. Rd7 Bc3 33. Bd3 Kh6 34. Kb3 Be5 35. Kb4 Rg8 36. Bf1 Rc8 37. Bd3 Rg8 38. Bf1 Rc8 39. Kxb5 Rg8 40. Kc6 Rg6 41. Kd5 Rg5 42. Ke6 Rg8 43. Rd5 Rg5 44. Rd2 Kh5 45. Bb5 Kh6 46. Be8 Rg8 47. Ke7 Rg7+ 48. Ke6 Rg8 49. Bd7 Rg7 50. Rc2 Rg8 51. Rd2 Rg7 52. Be8 Rg8 53. Ke7 Rg7+ 54. Bf7 Bc3 55. Rc2 Be5 56. h4 Rg3 57. Ra2 Rg7 58. Ra6 Rxg2 59. Rxf6+ Bxf6+ 60. Kxf6 Rg3 61. e5 Rxf3 62. e6 Re3 63. e7 f3 64. Be6 f2 65. e8Q f1Q+ 66. Ke7 Rxe6+ 67. Kxe6 Qe1+ 68. Kf7 Qxe8+ 69. Kxe8 0-1

[Event "Elancourt op"]
[Site "Elancourt"]
[Date "2006.04.18"]
[Round "3"]
[White "Vallepin, Cedric"]
[Black "Radulov, Ivan"]
[Result "0-1"]
[WhiteElo "2164"]
[BlackElo "2346"]
[PlyCount "72"]
[EventDate "2006.04.16"]
[EventType "swiss"]
[EventRounds "9"]
[EventCountry "FRA"]
[SourceTitle "CBM 111 Extra"]
[Source "ChessBase"]
[SourceDate "2006.05.09"]
[SourceVersion "1"]
[SourceVersionDate "2006.05.09"]
[SourceQuality "1"]

1. d4 d6 2. c4 e5 3. Nf3 e4 4. Ng5 f5 5. g3 Nf6 6. Nc3 h6 7. Nh3 g5 8. Bg2 Bg7 9. f3 exf3 10. exf3 0-0 11. 0-0 c6 12. Kh1 Na6 13. d5 cxd5 14. Nxd5 Nc7 15. Nxc7 Qxc7 16. f4 g4 17. Nf2 Bd7 18. Qc2 d5 19. Nd3 Qxc4 20. Qxc4 dxc4 21. Ne5 Be6 22. Be3 Ne4 23. Rad1 Rfd8 24. Nxg4 Bxb2 25. Nxh6+ Kg7 26. g4 c3 27. Bxe4 fxe4 28. f5 Bc4 29. f6+ Kh7 30. Rxd8 Rxd8 31. Rf2 Ba3 32. Rc2 Rd3 33. Nf5 Be6 34. Bh6 Bxf5 35. f7 Kxh6 36. gxf5 Rd1+ 0-1

[Event "Elancourt op"]
[Site "Elancourt"]
[Date "2006.04.17"]
[Round "2"]
[White "Fayolle, Guy"]
[Black "Vallepin, Cedric"]
[Result "0-1"]
[WhiteElo "1922"]
[BlackElo "2164"]
[PlyCount "70"]
[EventDate "2006.04.16"]
[EventType "swiss"]
[EventRounds "9"]
[EventCountry "FRA"]
[SourceTitle "CBM 111 Extra"]
[Source "ChessBase"]
[SourceDate "2006.05.09"]
[SourceVersion "1"]
[SourceVersionDate "2006.05.09"]
[SourceQuality "1"]

1. e4 Nf6 2. e5 Nd5 3. d4 d6 4. exd6 cxd6 5. c4 Nb6 6. Nf3 g6 7. Be2 Bg7 8. Nc3 0-0 9. Be3 Bg4 10. b3 Nc6 11. Rc1 d5 12. c5 Nc8 13. h3 Bxf3 14. Bxf3 e6 15. 0-0 N8e7 16. Ne2 Nf5 17. Bg4 Nfe7 18. Nf4 h5 19. Bf3 Nf5 20. Ne2 Qf6 21. Kh1 Nh4 22. Ng1 Rfc8 23. Qd2 Nxd4 24. Bd1 Nhf5 25. Bg5 Ng3+ 26. fxg3 Qxf1 27. Bxh5 Nf5 28. Bf4 Qa6 29. Be2 Qa3 30. b4 Nxg3+ 31. Kh2 Ne4 32. Qc2 e5 33. Bf3 exf4 34. Bxe4 dxe4 35. Qxe4 Qxc1 0-1

[Event "Montigny le Bretonneux 3rd"]
[Site "Montigny le Bretonneux"]
[Date "2004.10.27"]
[Round "4"]
[White "Sanchez, Louis"]
[Black "Vallepin, Cedric"]
[Result "1-0"]
[WhiteElo "2247"]
[BlackElo "2116"]
[PlyCount "27"]
[EventDate "2004.10.??"]
[EventType "swiss"]
[EventRounds "9"]
[EventCountry "FRA"]
[SourceTitle "EXT 2006"]
[Source "ChessBase"]
[SourceDate "2005.11.24"]
[SourceVersion "1"]
[SourceVersionDate "2005.11.24"]
[SourceQuality "1"]

1. e4 Nf6 2. e5 Nd5 3. d4 d6 4. Nf3 Bg4 5. Be2 Nd7 6. h3 Bh5 7. e6 fxe6 8. Ng5 Bxe2 9. Qxe2 e5 10. dxe5 Nxe5 11. f4 Nc6 12. Ne6 Qd7 13. Qh5+ g6 14. Qxd5 1-0

[Event "Paris-ch opA"]
[Site "Paris"]
[Date "2004.07.07"]
[Round "5"]
[White "Vallepin, Cedric"]
[Black "Pozdnjakov, Evgueniy"]
[Result "0-1"]
[WhiteElo "2100"]
[BlackElo "2267"]
[PlyCount "84"]
[EventDate "2004.07.03"]
[EventType "swiss"]
[EventRounds "9"]
[EventCountry "FRA"]
[SourceTitle "EXT 2005"]
[Source "ChessBase"]
[SourceDate "2004.11.15"]
[SourceVersion "1"]
[SourceVersionDate "2004.11.15"]
[SourceQuality "1"]

1. d4 d5 2. c4 c6 3. cxd5 cxd5 4. Nf3 Nc6 5. Nc3 Nf6 6. Bf4 Qb6 7. Na4 Qb4+ 8. Bd2 Qd6 9. Qc1 Bf5 10. a3 Rc8 11. Nc3 Na5 12. Qd1 Qb6 13. e3 Nc4 14. Qa4+ Bd7 15. Qc2 e6 16. Rb1 Bd6 17. Bd3 h6 18. 0-0 g5 19. Be1 Qc7 20. g3 Rg8 21. Qe2 Bc6 22. Nd2 Nxd2 23. Bxd2 Ne4 24. Nb5 Bxb5 25. Bxb5+ Ke7 26. Rfc1 Qb6 27. Be1 f5 28. a4 g4 29. h4 gxh3 30. Qh5 Nf6 31. Qxh6 Rxc1 32. Rxc1 a6 33. Bd3 Qb3 34. Bc3 Qxa4 35. Qxh3 Qe8 36. Qh4 Rg4 37. Qh6 Qg8 38. Kf1 Rg7 39. Qh1 Ng4 40. Ke2 Rh7 41. Qd1 Nxf2 42. Qb3 Rh2 0-1

[Event "Montigny le Bretonneux Noel op 06th"]
[Site "Montigny le Bretonneux"]
[Date "2003.12.30"]
[Round "6"]
[White "Vallepin, Cedric"]
[Black "Verat, Laurent"]
[Result "0-1"]
[WhiteElo "2129"]
[BlackElo "2302"]
[PlyCount "30"]
[EventDate "2003.12.26"]
[EventType "swiss"]
[EventRounds "6"]
[EventCountry "FRA"]
[SourceTitle "CBM 097 Extra"]
[Source "ChessBase"]
[SourceDate "2004.01.13"]
[SourceVersion "1"]
[SourceVersionDate "2004.01.13"]
[SourceQuality "1"]

1. e4 e5 2. Nf3 Nc6 3. d4 exd4 4. Nxd4 Nf6 5. Nxc6 bxc6 6. Bd3 d5 7. e5 Ng4 8. 0-0 Bc5 9. Qe2 Qe7 10. Bf4 g5 11. Bg3 h5 12. h3 h4 13. Bh2 Nxh2 14. Kxh2 Bd4 15. Nc3 Qxe5+ 0-1

[Event "Montigny le Bretonneux-A 2nd"]
[Site "Montigny le Bretonneux"]
[Date "2003.10.25"]
[Round "2"]
[White "Vallepin, Cedric"]
[Black "Roux, Jean Luc"]
[Result "1-0"]
[WhiteElo "2129"]
[BlackElo "1980"]
[PlyCount "111"]
[EventDate "2003.10.??"]
[EventType "swiss"]
[EventRounds "9"]
[EventCountry "FRA"]
[SourceTitle "EXT 2005"]
[Source "ChessBase"]
[SourceDate "2004.11.15"]
[SourceVersion "1"]
[SourceVersionDate "2004.11.15"]
[SourceQuality "1"]

1. d4 d5 2. c4 c6 3. cxd5 cxd5 4. Nf3 Nf6 5. Bf4 Nc6 6. e3 e6 7. Bd3 Bd6 8. Ne5 Nxe5 9. dxe5 Bb4+ 10. Kf1 Nd7 11. Qg4 g6 12. Bh6 Bf8 13. Bxf8 Kxf8 14. Qb4+ Qe7 15. Qf4 Nc5 16. Ke2 Nxd3 17. Kxd3 b6 18. Nc3 Ba6+ 19. Kd2 Kg7 20. Rhc1 Rhc8 21. Ne2 Rc4 22. Rxc4 dxc4 23. Nd4 Rc8 24. Kc3 Bb7 25. Nb5 g5 26. Qg4 Rc5 27. Nd6 Rxe5 28. Rd1 Bd5 29. Nb5 a6 30. Na3 a5 31. Nc2 b5 32. a3 Be4 33. f4 f5 34. Qxg5+ Qxg5 35. fxg5 Bxc2 36. Kxc2 Rxe3 37. Rd7+ Kg6 38. Rb7 Re5 39. Kd2 Rd5+ 40. Ke2 e5 41. h4 f4 42. Re7 Kf5 43. Rxh7 e4 44. Rf7+ Kg4 45. g6 f3+ 46. gxf3+ exf3+ 47. Rxf3 Kxh4 48. g7 Rg5 49. Rf7 Kh5 50. Rb7 b4 51. axb4 axb4 52. Rb5 Rxb5 53. g8Q Re5+ 54. Kf3 Rf5+ 55. Ke4 Rg5 56. Qxc4 1-0

[Event "Montigny le Bretonneux-A 2nd"]
[Site "Montigny le Bretonneux"]
[Date "2003.10.24"]
[Round "1"]
[White "Fayolle, Guy"]
[Black "Vallepin, Cedric"]
[Result "1/2-1/2"]
[WhiteElo "1920"]
[BlackElo "2129"]
[PlyCount "33"]
[EventDate "2003.10.??"]
[EventType "swiss"]
[EventRounds "9"]
[EventCountry "FRA"]
[SourceTitle "EXT 2005"]
[Source "ChessBase"]
[SourceDate "2004.11.15"]
[SourceVersion "1"]
[SourceVersionDate "2004.11.15"]
[SourceQuality "1"]

1. e4 e5 2. Nf3 Nc6 3. Bb5 a6 4. Ba4 Nf6 5. 0-0 Nxe4 6. d4 b5 7. Bb3 d5 8. dxe5 Be6 9. c3 Bc5 10. a4 b4 11. a5 0-0 12. Qd3 Ba7 13. Bc2 bxc3 14. bxc3 Qd7 15. Nbd2 Bf5 16. Nxe4 Bxe4 17. Qe2 1/2-1/2

[Event "Yvelines-ch"]
[Site "Fontenay le Fleury"]
[Date "2003.02.16"]
[Round "7.13"]
[White "Goujon, Antoine"]
[Black "Vallepin, Cedric"]
[Result "1/2-1/2"]
[WhiteElo "1760"]
[BlackElo "1900"]
[PlyCount "66"]
[EventDate "2003.02.17"]
[EventType "swiss"]
[EventRounds "7"]
[EventCountry "FRA"]
[SourceTitle "EXT 2004"]
[Source "ChessBase"]
[SourceDate "2003.11.25"]
[SourceVersion "1"]
[SourceVersionDate "2003.11.25"]
[SourceQuality "1"]

1. e4 e6 2. d4 d5 3. Nc3 Nf6 4. Bg5 Be7 5. e5 Ng8 6. Bxe7 Nxe7 7. Qg4 Nf5 8. Nf3 h5 9. Qf4 Nc6 10. Bd3 Nce7 11. 0-0-0 a6 12. h3 h4 13. g4 hxg3 14. fxg3 Ng6 15. Qd2 Bd7 16. Bxf5 exf5 17. Ne2 Qe7 18. Qa5 0-0-0 19. Nf4 Nxf4 20. gxf4 Bb5 21. Rde1 Rh6 22. Ng5 Rc6 23. Qd2 Rb6 24. Re3 Bd7 25. Rhe1 Be6 26. Rb3 Rxb3 27. axb3 b6 28. b4 Kb7 29. Re3 Qd7 30. Qe2 Qb5 31. Qxb5 axb5 32. Rg3 Rd7 33. Kd2 Re7 1/2-1/2